000
00196 a2200097 4500
001
9050
090
_c
7232
_d
7232
100
_a
Spense
245
_a
Spenser selections (Transfered to SOA)
260
_b
Oxford
942
_a
NUST-CAE
999
_c
244123
_d
244123